[Event "Stay Safe Play From Home 322"]
[Site "Emanuel Lasker Arena"]
[Date "2020.07.22"]
[Round "5"]
[White "BrainThinker22"]
[Black "Broken sword"]
[Result "1-0"]
[WhiteElo "2351"]
[BlackElo "2459"]
[Annotator "NA"]
[PlyCount "99"]
[EventDate "2020.07.22"]
[EventType "swiss (blitz)"]

1. e4 {[%emt 0:00:01]} c5 {[%emt 0:00:01]} 2. Nc3 {[%emt 0:00:00]} e6 {[%emt 0:00:00]} 3. g3 {[%emt 0:00:00]} a6 {[%emt 0:00:00]} 4. Bg2 {[%emt 0:00:00]} b5 {[%emt 0:00:00]} 5. d3 {[%emt 0:00:00]} Bb7 {[%emt 0:00:00]} 6. a3 {[%emt 0:00:00]} d6 {[%emt 0:00:00]} 7. Be3 {[%emt 0:00:00]} Nf6 {[%emt 0:00:01]} 8. h3 {[%emt 0:00:00]} Nc6 {[%emt 0:00:00]} 9. Qd2 {[%emt 0:00:00]} Nd7 {[%emt 0:00:00]} 10. Nge2 {[%emt 0:00:00]} Qc7 {[%emt 0:00:00]} 11. O-O {[%emt 0:00:00]} Be7 {[%emt 0:00:00]} 12. f4 {[%emt 0:00:00]} Nb6 {[%emt 0:00:00]} 13. g4 {[%emt 0:00:00]} O-O-O {[%emt 0:00:02]} 14. f5 {[%emt 0:00:00]} e5 {[%emt 0:00:01]} 15. Nd5 {[%emt 0:00:01]} Nxd5 {[%emt 0:00:01]} 16. exd5 {[%emt 0:00:00]} Nb8 {[%emt 0:00:01]} 17. c4 {[%emt 0:00:02]} Nd7 {[%emt 0:00:02]} 18. b4 {[%emt 0:00:01]} Rde8 {[%emt 0:00:04]} 19. Rab1 {[%emt 0:00:02]} bxc4 {[%emt 0:00:02]} 20. dxc4 {[%emt 0:00:01]} g6 {[%emt 0:00:00]} 21. fxg6 {[%emt 0:00:04]} hxg6 {[%emt 0:00:00]} 22. Rxf7 {[%emt 0:00:01]} Rhf8 {[%emt 0:00:01]} 23. Rbf1 {[%emt 0:00:01]} Rxf7 {[%emt 0:00:01]} 24. Rxf7 {[%emt 0:00:00]} cxb4 {[%emt 0:00:01]} 25. axb4 {[%emt 0:00:01]} Qxc4 {[%emt 0:00:02]} 26. Ng3 {[%emt 0:00:06]} Kb8 {[%emt 0:00:03]} 27. Ne4 {[%emt 0:00:02]} Bxd5 {[%emt 0:00:03]} 28. Rxe7 {[%emt 0:00:04]} Rxe7 {[%emt 0:00:01]} 29. Nxd6 {[%emt 0:00:00]} Qc6 {[%emt 0:00:09]} 30. Qxd5 {[%emt 0:00:03]} Qxd5 {[%emt 0:00:01]} 31. Bxd5 {[%emt 0:00:00]} Nf6 {[%emt 0:00:01]} 32. Bg2 {[%emt 0:00:02]} Rd7 {[%emt 0:00:02]} 33. Nc4 {[%emt 0:00:01]} Rd1+ {[%emt 0:00:01]} 34. Kf2 {[%emt 0:00:01]} Rb1 {[%emt 0:00:00]} 35. Nxe5 {[%emt 0:00:01]} Kc8 {[%emt 0:00:03]} 36. Nc6 {[%emt 0:00:01]} Nd7 {[%emt 0:00:02]} 37. Be4 {[%emt 0:00:02]} g5 {[%emt 0:00:01]} 38. Bxb1 {[%emt 0:00:02]} Nf6 {[%emt 0:00:01]} 39. Bf5+ {[%emt 0:00:00]} Kb7 {[%emt 0:00:01]} 40. Nd4 {[%emt 0:00:00]} Nd5 {[%emt 0:00:01]} 41. Ne6 {[%emt 0:00:00]} Nxb4 {[%emt 0:00:00]} 42. Nxg5 {[%emt 0:00:01]} Kc6 {[%emt 0:00:00]} 43. Be6 {[%emt 0:00:00]} Nd5 {[%emt 0:00:00]} 44. Bxd5+ {[%emt 0:00:01]} Kxd5 {[%emt 0:00:00]} 45. h4 {[%emt 0:00:01]} Ke5 {[%emt 0:00:00]} 46. h5 {[%emt 0:00:00]} Kf6 {[%emt 0:00:00]} 47. Ne4+ {[%emt 0:00:01]} Kg7 {[%emt 0:00:02]} 48. Nc5 {[%emt 0:00:00]} a5 {[%emt 0:00:01]} 49. Na4 {[%emt 0:00:00]} Kf6 {[%emt 0:00:02]} 50. Kg3 {[%emt 0:00:00] Broken sword resigns (Lag: Av=0.34s, max=0.9s)} 1-0

[Event "Stay Safe Play From Home 322"]
[Site "Emanuel Lasker Arena"]
[Date "2020.07.22"]
[Round "5"]
[White "Stefanone"]
[Black "SoulofWolf"]
[Result "0-1"]
[WhiteElo "2091"]
[BlackElo "2095"]
[PlyCount "46"]
[EventDate "2020.07.22"]
[EventType "swiss (blitz)"]

1. g3 {[%emt 0:00:01]} c5 {[%emt 0:00:00]} 2. Bg2 {[%emt 0:00:00]} e6 {[%emt 0:00:00]} 3. d3 {[%emt 0:00:00]} Nf6 {[%emt 0:00:00]} 4. Nd2 {[%emt 0:00:00]} d5 {[%emt 0:00:00]} 5. e4 {[%emt 0:00:00]} Nbd7 {[%emt 0:00:00]} 6. Qe2 {[%emt 0:00:01]} Qc7 {[%emt 0:00:01]} 7. f4 {[%emt 0:00:01]} g6 {[%emt 0:00:00]} 8. e5 {[%emt 0:00:00]} Ng8 {[%emt 0:00:01]} 9. Ngf3 {[%emt 0:00:01]} Ne7 {[%emt 0:00:00]} 10. O-O {[%emt 0:00:01]} Bg7 {[%emt 0:00:00]} 11. c4 {[%emt 0:00:01]} O-O {[%emt 0:00:01]} 12. cxd5 {[%emt 0:00:00]} Nxd5 {[%emt 0:00:00]} 13. Nc4 {[%emt 0:00:01]} b5 {[%emt 0:00:01]} 14. Nd6 {[%emt 0:00:01]} Ba6 {[%emt 0:00:00]} 15. Rd1 {[%emt 0:00:01]} f6 {[%emt 0:00:01]} 16. Be3 {[%emt 0:00:02]} fxe5 {[%emt 0:00:04]} 17. fxe5 {[%emt 0:00:00]} Nxe5 {[%emt 0:00:02]} 18. Nxe5 {[%emt 0:00:01]} Bxe5 {[%emt 0:00:00]} 19. Bh6 {[%emt 0:00:01]} Qxd6 {[%emt 0:00:02]} 20. Bxd5 {[%emt 0:00:01]} Qxd5 {[%emt 0:00:02]} 21. Bxf8 {[%emt 0:00:02]} Rxf8 {[%emt 0:00:00]} 22. Rf1 {[%emt 0:00:01]} Bd4+ {[%emt 0:00:02]} 23. Rf2 {[%emt 0:00:06]} Bb7 {[%emt 0:00:02] Stefanone abbandona (Lag: Av=0.31s, max=0.5s)} 0-1

[Event "Stay Safe Play From Home 322"]
[Site "Emanuel Lasker Arena"]
[Date "2020.07.22"]
[Round "5"]
[White "Lazieri3"]
[Black "Udolerhard"]
[Result "1-0"]
[WhiteElo "2086"]
[BlackElo "1775"]
[PlyCount "53"]
[EventDate "2020.07.22"]
[EventType "swiss (blitz)"]

1. f3 {[%emt 0:00:01]} d5 {[%emt 0:00:01]} 2. g3 {[%emt 0:00:00]} Nf6 {[%emt 0:00:00]} 3. Bg2 {[%emt 0:00:00]} g6 {[%emt 0:00:00]} 4. e4 {[%emt 0:00:01]} Bg7 {[%emt 0:00:00]} 5. exd5 {[%emt 0:00:01]} Nxd5 {[%emt 0:00:00]} 6. Nc3 {[%emt 0:00:00]} O-O {[%emt 0:00:01]} 7. Nxd5 {[%emt 0:00:01]} Qxd5 {[%emt 0:00:01]} 8. Ne2 {[%emt 0:00:00]} Nc6 {[%emt 0:00:06]} 9. O-O {[%emt 0:00:01]} Be6 {[%emt 0:00:02]} 10. d3 {[%emt 0:00:01]} Qd7 {[%emt 0:00:00]} 11. Kh1 {[%emt 0:00:01]} Bh3 {[%emt 0:00:00]} 12. Nf4 {[%emt 0:00:01]} Bxg2+ {[%emt 0:00:01]} 13. Kxg2 {[%emt 0:00:00]} e5 {[%emt 0:00:01]} 14. Ne2 {[%emt 0:00:02]} Rad8 {[%emt 0:00:01]} 15. Bg5 {[%emt 0:00:02]} f6 {[%emt 0:00:02]} 16. Be3 {[%emt 0:00:01]} Rfe8 {[%emt 0:00:00]} 17. Qd2 {[%emt 0:00:01]} a6 {[%emt 0:00:00]} 18. Bh6 {[%emt 0:00:01]} Bh8 {[%emt 0:00:00]} 19. Rae1 {[%emt 0:00:02]} Nd4 {[%emt 0:00:00]} 20. Nxd4 {[%emt 0:00:01]} Qxd4 {[%emt 0:00:00]} 21. b3 {[%emt 0:00:01]} a5 {[%emt 0:00:03]} 22. Qxa5 {[%emt 0:00:03]} Qb2 {[%emt 0:00:01]} 23. Qxc7 {[%emt 0:00:02]} Rc8 {[%emt 0:00:00]} 24. Qxb7 {[%emt 0:00:03]} Qxc2+ {[%emt 0:00:01]} 25. Rf2 {[%emt 0:00:03]} Qxd3 {[%emt 0:00:01]} 26. Rd2 {[%emt 0:00:01]} Qc3 {[%emt 0:00:01]} 27. Qd5+ {[%emt 0:00:02] Udolerhard resigns (Lag: Av=0.73s, max=0.9s)} 1-0

[Event "Stay Safe Play From Home 322"]
[Site "Emanuel Lasker Arena"]
[Date "2020.07.22"]
[Round "5"]
[White "Fischer_11"]
[Black "NeatFox"]
[Result "1-0"]
[WhiteElo "2031"]
[BlackElo "1793"]
[Annotator "NA"]
[PlyCount "57"]
[EventDate "2020.07.22"]
[EventType "swiss (blitz)"]

1. e4 {[%emt 0:00:01]} b6 {[%emt 0:00:02]} 2. d4 {[%emt 0:00:01]} Bb7 {[%emt 0:00:00]} 3. Nc3 {[%emt 0:00:00]} Nf6 {[%emt 0:00:01]} 4. Bd3 {[%emt 0:00:00]} d6 {[%emt 0:00:01]} 5. Nf3 {[%emt 0:00:01]} e6 {[%emt 0:00:01]} 6. Qe2 {[%emt 0:00:00]} Be7 {[%emt 0:00:01]} 7. O-O {[%emt 0:00:00]} O-O {[%emt 0:00:00]} 8. e5 {[%emt 0:00:00]} dxe5 {[%emt 0:00:01]} 9. dxe5 {[%emt 0:00:01]} Nd5 {[%emt 0:00:00]} 10. Qe4 {[%emt 0:00:03]} g6 {[%emt 0:00:04]} 11. Qg4 {[%emt 0:00:04]} Nxc3 {[%emt 0:00:01]} 12. bxc3 {[%emt 0:00:00]} Nc6 {[%emt 0:00:03]} 13. Rd1 {[%emt 0:00:02]} Qe8 {[%emt 0:00:01]} 14. Be4 {[%emt 0:00:02]} Rd8 {[%emt 0:00:02]} 15. Bg5 {[%emt 0:00:01]} Bxg5 {[%emt 0:00:02]} 16. Nxg5 {[%emt 0:00:00]} Rxd1+ {[%emt 0:00:02]} 17. Rxd1 {[%emt 0:00:02]} Qe7 {[%emt 0:00:01]} 18. Qh4 {[%emt 0:00:07]} h5 {[%emt 0:00:03]} 19. Qf4 {[%emt 0:00:03]} Rd8 {[%emt 0:00:07]} 20. Rxd8+ {[%emt 0:00:02]} Nxd8 {[%emt 0:00:00]} 21. Bxb7 {[%emt 0:00:01]} Nxb7 {[%emt 0:00:00]} 22. Ne4 {[%emt 0:00:01]} Kg7 {[%emt 0:00:02]} 23. Nf6 {[%emt 0:00:02]} Nc5 {[%emt 0:00:02]} 24. g4 {[%emt 0:00:01]} Nd7 {[%emt 0:00:02]} 25. gxh5 {[%emt 0:00:03]} Nxe5 {[%emt 0:00:03]} 26. h6+ {[%emt 0:00:03]} Kh8 {[%emt 0:00:05]} 27. Qxe5 {[%emt 0:00:00]} c5 {[%emt 0:00:04]} 28. Ne8+ {[%emt 0:00:01]} Kh7 {[%emt 0:00:01]} 29. Qg7# {[%emt 0:00:01] (Lag: Av=0.52s, max=1.0s)} 1-0

[Event "Stay Safe Play From Home 322"]
[Site "Emanuel Lasker Arena"]
[Date "2020.07.22"]
[Round "5"]
[White "Buzaglo"]
[Black "Meini"]
[Result "1-0"]
[WhiteElo "1880"]
[BlackElo "1581"]
[Annotator "NA"]
[PlyCount "69"]
[EventDate "2020.07.22"]
[EventType "swiss (blitz)"]

1. d4 {[%emt 0:00:01]} d5 {[%emt 0:00:01]} 2. Nf3 {[%emt 0:00:02]} c6 {[%emt 0:00:00]} 3. g3 {[%emt 0:00:00]} Bf5 {[%emt 0:00:01]} 4. Bg2 {[%emt 0:00:00]} e6 {[%emt 0:00:00]} 5. O-O {[%emt 0:00:00]} Bd6 {[%emt 0:00:01]} 6. Nh4 {[%emt 0:00:00]} Bg6 {[%emt 0:00:02]} 7. Nxg6 {[%emt 0:00:01]} hxg6 {[%emt 0:00:01]} 8. Nd2 {[%emt 0:00:00]} Nd7 {[%emt 0:00:01]} 9. c4 {[%emt 0:00:00]} Qe7 {[%emt 0:00:01]} 10. c5 {[%emt 0:00:00]} Bc7 {[%emt 0:00:01]} 11. e4 {[%emt 0:00:00]} e5 {[%emt 0:00:01]} 12. exd5 {[%emt 0:00:01]} cxd5 {[%emt 0:00:01]} 13. dxe5 {[%emt 0:00:01]} Nxe5 {[%emt 0:00:01]} 14. Re1 {[%emt 0:00:01]} Nf6 {[%emt 0:00:03]} 15. Nf3 {[%emt 0:00:01]} O-O {[%emt 0:00:04]} 16. Nxe5 {[%emt 0:00:02]} Bxe5 {[%emt 0:00:01]} 17. Bf4 {[%emt 0:00:00]} Nd7 {[%emt 0:00:02]} 18. Bxe5 {[%emt 0:00:02]} Nxe5 {[%emt 0:00:01]} 19. f4 {[%emt 0:00:00]} Qxc5+ {[%emt 0:00:02]} 20. Kh1 {[%emt 0:00:03]} Nc4 {[%emt 0:00:01]} 21. Rc1 {[%emt 0:00:01]} Rae8 {[%emt 0:00:02]} 22. Rxe8 {[%emt 0:00:02]} Rxe8 {[%emt 0:00:01]} 23. b3 {[%emt 0:00:00]} Qf2 {[%emt 0:00:04]} 24. bxc4 {[%emt 0:00:02]} Re2 {[%emt 0:00:01]} 25. Qg1 {[%emt 0:00:01]} Qxg1+ {[%emt 0:00:01]} 26. Kxg1 {[%emt 0:00:00]} dxc4 {[%emt 0:00:01]} 27. Rxc4 {[%emt 0:00:02]} Rxa2 {[%emt 0:00:00]} 28. Rc8+ {[%emt 0:00:02]} Kh7 {[%emt 0:00:02]} 29. Rc7 {[%emt 0:00:00]} f6 {[%emt 0:00:01]} 30. Rxb7 {[%emt 0:00:02]} a5 {[%emt 0:00:00]} 31. Ra7 {[%emt 0:00:02]} Kh6 {[%emt 0:00:01]} 32. Bd5 {[%emt 0:00:01]} g5 {[%emt 0:00:01]} 33. Bxa2 {[%emt 0:00:02]} gxf4 {[%emt 0:00:01]} 34. gxf4 {[%emt 0:00:00]} Kg6 {[%emt 0:00:02]} 35. Rxa5 {[%emt 0:00:01] Meini gibt auf (Lag: Av=0.54s, max=0.9s)} 1-0

[Event "Stay Safe Play From Home 322"]
[Site "Emanuel Lasker Arena"]
[Date "2020.07.22"]
[Round "5"]
[White "Trotsky"]
[Black "Oznog"]
[Result "0-1"]
[WhiteElo "1579"]
[BlackElo "1762"]
[Annotator "NA"]
[PlyCount "68"]
[EventDate "2020.07.22"]
[EventType "swiss (blitz)"]

1. d4 {[%emt 0:00:01]} c5 {[%emt 0:00:01]} 2. e3 {[%emt 0:00:01]} cxd4 {[%emt 0:00:00]} 3. exd4 {[%emt 0:00:01]} Nf6 {[%emt 0:00:00]} 4. c4 {[%emt 0:00:01]} e6 {[%emt 0:00:00]} 5. Be3 {[%emt 0:00:01]} d5 {[%emt 0:00:00]} 6. Nc3 {[%emt 0:00:01]} dxc4 {[%emt 0:00:00]} 7. Bxc4 {[%emt 0:00:02]} Be7 {[%emt 0:00:00]} 8. Qc2 {[%emt 0:00:02]} O-O {[%emt 0:00:00]} 9. Bd3 {[%emt 0:00:01]} Nc6 {[%emt 0:00:01]} 10. a3 {[%emt 0:00:01]} a6 {[%emt 0:00:01]} 11. Nf3 {[%emt 0:00:01]} Nd5 {[%emt 0:00:01]} 12. h4 {[%emt 0:00:01]} Nxe3 {[%emt 0:00:01]} 13. fxe3 {[%emt 0:00:01]} h6 {[%emt 0:00:01]} 14. Ng5 {[%emt 0:00:01]} Bf6 {[%emt 0:00:02]} 15. Bh7+ {[%emt 0:00:01]} Kh8 {[%emt 0:00:01]} 16. Bg8 {[%emt 0:00:01]} g6 {[%emt 0:00:04]} 17. Bxf7 {[%emt 0:00:01]} Bxg5 {[%emt 0:00:04]} 18. Qxg6 {[%emt 0:00:03]} Bxh4+ {[%emt 0:00:03]} 19. g3 {[%emt 0:00:05]} Qg5 {[%emt 0:00:06]} 20. gxh4 {[%emt 0:00:06]} Qxg6 {[%emt 0:00:04]} 21. Bxg6 {[%emt 0:00:01]} Kg7 {[%emt 0:00:01]} 22. h5 {[%emt 0:00:02]} e5 {[%emt 0:00:03]} 23. O-O-O {[%emt 0:00:01]} Bg4 {[%emt 0:00:04]} 24. Rdg1 {[%emt 0:00:09]} Bf3 {[%emt 0:00:01]} 25. Be4+ {[%emt 0:00:03]} Kh8 {[%emt 0:00:01]} 26. Bxf3 {[%emt 0:00:01]} Rxf3 {[%emt 0:00:01]} 27. Rg6 {[%emt 0:00:02]} Kh7 {[%emt 0:00:03]} 28. Rhg1 {[%emt 0:00:02]} Rf7 {[%emt 0:00:02]} 29. Re6 {[%emt 0:00:03]} exd4 {[%emt 0:00:01]} 30. Rgg6 {[%emt 0:00:01]} dxc3 {[%emt 0:00:03]} 31. Rxh6+ {[%emt 0:00:01]} Kg7 {[%emt 0:00:00]} 32. bxc3 {[%emt 0:00:01]} Kf8 {[%emt 0:00:01]} 33. Rh8+ {[%emt 0:00:01]} Kg7 {[%emt 0:00:00]} 34. Rxa8 {[%emt 0:00:01]} Rf1+ {[%emt 0:00:01] ' Âðåìÿ (Lag: Av=0.36s, max=0.8s)} 0-1

[Event "Stay Safe Play From Home 322"]
[Site "Emanuel Lasker Arena"]
[Date "2020.07.22"]
[Round "5"]
[White "Klasman"]
[Black "mcwashere99"]
[Result "0-1"]
[WhiteElo "1418"]
[BlackElo "1683"]
[Annotator "NA"]
[PlyCount "62"]
[EventDate "2020.07.22"]
[EventType "swiss (blitz)"]

1. f4 {[%emt 0:00:01]} e5 {[%emt 0:00:10]} 2. fxe5 {[%emt 0:00:02]} d6 {[%emt 0:00:00]} 3. Nf3 {[%emt 0:00:01]} dxe5 {[%emt 0:00:02]} 4. e4 {[%emt 0:00:01]} Nc6 {[%emt 0:00:01]} 5. Bc4 {[%emt 0:00:01]} Bc5 {[%emt 0:00:01]} 6. Nc3 {[%emt 0:00:07]} Nf6 {[%emt 0:00:02]} 7. d3 {[%emt 0:00:01]} O-O {[%emt 0:00:01]} 8. Bg5 {[%emt 0:00:01]} h6 {[%emt 0:00:00]} 9. Bh4 {[%emt 0:00:02]} Be6 {[%emt 0:00:01]} 10. Bxe6 {[%emt 0:00:03]} fxe6 {[%emt 0:00:00]} 11. Na4 {[%emt 0:00:03]} Bb6 {[%emt 0:00:08]} 12. Nxb6 {[%emt 0:00:02]} axb6 {[%emt 0:00:00]} 13. O-O {[%emt 0:00:02]} Qd6 {[%emt 0:00:00]} 14. c3 {[%emt 0:00:02]} Rad8 {[%emt 0:00:02]} 15. Qb3 {[%emt 0:00:01]} Na5 {[%emt 0:00:02]} 16. Qb4 {[%emt 0:00:04]} Qxd3 {[%emt 0:00:01]} 17. Rad1 {[%emt 0:00:02]} Qc4 {[%emt 0:00:01]} 18. Rxd8 {[%emt 0:00:03]} Rxd8 {[%emt 0:00:02]} 19. Qxc4 {[%emt 0:00:01]} Nxc4 {[%emt 0:00:01]} 20. b3 {[%emt 0:00:01]} Nd2 {[%emt 0:00:02]} 21. Nxd2 {[%emt 0:00:03]} Rxd2 {[%emt 0:00:00]} 22. Bxf6 {[%emt 0:00:01]} gxf6 {[%emt 0:00:00]} 23. Rxf6 {[%emt 0:00:01]} Rxa2 {[%emt 0:00:01]} 24. Rxe6 {[%emt 0:00:01]} Rc2 {[%emt 0:00:01]} 25. Rxe5 {[%emt 0:00:01]} Rxc3 {[%emt 0:00:01]} 26. Rd5 {[%emt 0:00:02]} Rxb3 {[%emt 0:00:01]} 27. e5 {[%emt 0:00:01]} Rc3 {[%emt 0:00:01]} 28. g4 {[%emt 0:00:03]} Kf7 {[%emt 0:00:01]} 29. Rd7+ {[%emt 0:00:03]} Ke6 {[%emt 0:00:00]} 30. Rh7 {[%emt 0:00:01]} Kxe5 {[%emt 0:00:01]} 31. Rxh6 {[%emt 0:00:01] .} Kf4 {[%emt 0:00:01] Time (Lag: Av=0.54s, max=1.7s) .} 0-1

[Event "Stay Safe Play From Home 322"]
[Site "Emanuel Lasker Arena"]
[Date "2020.07.22"]
[Round "6"]
[White "Mr bh6"]
[Black "Broken sword"]
[Result "1-0"]
[WhiteElo "2361"]
[BlackElo "2437"]
[PlyCount "95"]
[EventDate "2020.07.22"]
[EventType "swiss (blitz)"]

1. b3 {[%emt 0:00:01]} d5 {[%emt 0:00:01]} 2. Bb2 {[%emt 0:00:00]} c6 {[%emt 0:00:00]} 3. f4 {[%emt 0:00:00]} Bf5 {[%emt 0:00:01]} 4. Nf3 {[%emt 0:00:00]} Nf6 {[%emt 0:00:00]} 5. e3 {[%emt 0:00:00]} e6 {[%emt 0:00:00]} 6. Be2 {[%emt 0:00:00]} h6 {[%emt 0:00:01]} 7. O-O {[%emt 0:00:00]} Nbd7 {[%emt 0:00:00]} 8. Ne5 {[%emt 0:00:00]} Bd6 {[%emt 0:00:01]} 9. d3 {[%emt 0:00:01]} Qe7 {[%emt 0:00:01]} 10. Nd2 {[%emt 0:00:01]} Ba3 {[%emt 0:00:01]} 11. Qc1 {[%emt 0:00:02]} Bxb2 {[%emt 0:00:00]} 12. Qxb2 {[%emt 0:00:00]} a5 {[%emt 0:00:00]} 13. a4 {[%emt 0:00:01]} O-O {[%emt 0:00:01]} 14. Ndf3 {[%emt 0:00:00]} Rfd8 {[%emt 0:00:01]} 15. Nd4 {[%emt 0:00:01]} Bh7 {[%emt 0:00:01]} 16. Rf3 {[%emt 0:00:00]} Nxe5 {[%emt 0:00:01]} 17. fxe5 {[%emt 0:00:00]} Nd7 {[%emt 0:00:00]} 18. Rg3 {[%emt 0:00:05]} Rf8 {[%emt 0:00:02]} 19. Nf3 {[%emt 0:00:01]} Kh8 {[%emt 0:00:01]} 20. Rf1 {[%emt 0:00:01]} b5 {[%emt 0:00:02]} 21. axb5 {[%emt 0:00:01]} cxb5 {[%emt 0:00:00]} 22. d4 {[%emt 0:00:00]} Rab8 {[%emt 0:00:01]} 23. c3 {[%emt 0:00:01]} a4 {[%emt 0:00:01]} 24. b4 {[%emt 0:00:01]} Nb6 {[%emt 0:00:00]} 25. Nd2 {[%emt 0:00:02]} Rfc8 {[%emt 0:00:01]} 26. Bxb5 {[%emt 0:00:01]} a3 {[%emt 0:00:02]} 27. Qxa3 {[%emt 0:00:02]} Nc4 {[%emt 0:00:00]} 28. Bxc4 {[%emt 0:00:01]} dxc4 {[%emt 0:00:00]} 29. Qa6 {[%emt 0:00:02]} Ra8 {[%emt 0:00:01]} 30. Qb5 {[%emt 0:00:01]} Rab8 {[%emt 0:00:01]} 31. Qa4 {[%emt 0:00:01]} Ra8 {[%emt 0:00:01]} 32. Qd1 {[%emt 0:00:00]} Bd3 {[%emt 0:00:01]} 33. Qg4 {[%emt 0:00:01]} Rg8 {[%emt 0:00:02]} 34. Re1 {[%emt 0:00:02]} Ra2 {[%emt 0:00:01]} 35. Ne4 {[%emt 0:00:03]} Bxe4 {[%emt 0:00:01]} 36. Qxe4 {[%emt 0:00:00]} Ra3 {[%emt 0:00:00]} 37. Rc1 {[%emt 0:00:02]} Rga8 {[%emt 0:00:02]} 38. Qg4 {[%emt 0:00:01]} Qf8 {[%emt 0:00:00]} 39. h3 {[%emt 0:00:01]} Ra1 {[%emt 0:00:01]} 40. Rxa1 {[%emt 0:00:01]} Rxa1+ {[%emt 0:00:00]} 41. Kh2 {[%emt 0:00:00]} Rc1 {[%emt 0:00:00]} 42. e4 {[%emt 0:00:01]} Rc2 {[%emt 0:00:03]} 43. d5 {[%emt 0:00:01]} exd5 {[%emt 0:00:02]} 44. exd5 {[%emt 0:00:00]} Rd2 {[%emt 0:00:00]} 45. d6 {[%emt 0:00:01]} Kg8 {[%emt 0:00:04]} 46. Qxc4 {[%emt 0:00:01]} Qe8 {[%emt 0:00:03]} 47. Qf4 {[%emt 0:00:01]} Qe6 {[%emt 0:00:01]} 48. Qxd2 {[%emt 0:00:01] Broken sword resigns (Lag: Av=0.50s, max=1.2s)} 1-0

[Event "Stay Safe Play From Home 322"]
[Site "Emanuel Lasker Arena"]
[Date "2020.07.22"]
[Round "6"]
[White "SoulofWolf"]
[Black "BrainThinker22"]
[Result "0-1"]
[WhiteElo "2112"]
[BlackElo "2373"]
[Annotator "NA"]
[PlyCount "72"]
[EventDate "2020.07.22"]
[EventType "swiss (blitz)"]

1. c4 {[%emt 0:00:01]} e5 {[%emt 0:00:01]} 2. Nc3 {[%emt 0:00:00]} Nc6 {[%emt 0:00:00]} 3. f3 {[%emt 0:00:00]} g6 {[%emt 0:00:00]} 4. e3 {[%emt 0:00:01]} Bg7 {[%emt 0:00:00]} 5. Nge2 {[%emt 0:00:00]} d6 {[%emt 0:00:00]} 6. Ng3 {[%emt 0:00:00]} Be6 {[%emt 0:00:00]} 7. Be2 {[%emt 0:00:00]} h5 {[%emt 0:00:01]} 8. O-O {[%emt 0:00:01]} h4 {[%emt 0:00:00]} 9. Nh1 {[%emt 0:00:00]} f5 {[%emt 0:00:01]} 10. Nf2 {[%emt 0:00:01]} Qd7 {[%emt 0:00:01]} 11. Rb1 {[%emt 0:00:01]} Nge7 {[%emt 0:00:01]} 12. b4 {[%emt 0:00:00]} a6 {[%emt 0:00:00]} 13. b5 {[%emt 0:00:00]} axb5 {[%emt 0:00:00]} 14. cxb5 {[%emt 0:00:00]} Nd8 {[%emt 0:00:01]} 15. a4 {[%emt 0:00:00]} O-O {[%emt 0:00:01]} 16. d4 {[%emt 0:00:00]} exd4 {[%emt 0:00:01]} 17. exd4 {[%emt 0:00:01]} Nd5 {[%emt 0:00:01]} 18. Nxd5 {[%emt 0:00:02]} Bxd5 {[%emt 0:00:00]} 19. Bb2 {[%emt 0:00:03]} Re8 {[%emt 0:00:01]} 20. Qc2 {[%emt 0:00:01]} Qf7 {[%emt 0:00:03]} 21. Rfc1 {[%emt 0:00:02]} Ne6 {[%emt 0:00:00]} 22. Bc4 {[%emt 0:00:01]} Bxc4 {[%emt 0:00:04]} 23. Qxc4 {[%emt 0:00:00]} Rac8 {[%emt 0:00:02]} 24. Nd3 {[%emt 0:00:02]} Ng5 {[%emt 0:00:05]} 25. Nf4 {[%emt 0:00:03]} Ne6 {[%emt 0:00:04]} 26. Nd5 {[%emt 0:00:02]} c6 {[%emt 0:00:02]} 27. bxc6 {[%emt 0:00:03]} bxc6 {[%emt 0:00:00]} 28. Nb6 {[%emt 0:00:01]} Rc7 {[%emt 0:00:00]} 29. a5 {[%emt 0:00:01]} d5 {[%emt 0:00:01]} 30. Qd3 {[%emt 0:00:03]} Nf4 {[%emt 0:00:02]} 31. Qd2 {[%emt 0:00:01]} Ne2+ {[%emt 0:00:01]} 32. Kh1 {[%emt 0:00:00]} Nxc1 {[%emt 0:00:00]} 33. Rxc1 {[%emt 0:00:00]} Qe6 {[%emt 0:00:02]} 34. Rg1 {[%emt 0:00:03]} Qe2 {[%emt 0:00:01]} 35. Qc3 {[%emt 0:00:00]} Qf2 {[%emt 0:00:03]} 36. Bc1 {[%emt 0:00:03]} Bxd4 {[%emt 0:00:02] SoulofWolf poddaje siê (Lag: Av=0.49s, max=1.2s)} 0-1

[Event "Stay Safe Play From Home 322"]
[Site "Emanuel Lasker Arena"]
[Date "2020.07.22"]
[Round "6"]
[White "Stefanone"]
[Black "Fischer_11"]
[Result "1-0"]
[WhiteElo "2074"]
[BlackElo "2038"]
[Annotator "NA"]
[PlyCount "107"]
[EventDate "2020.07.22"]
[EventType "swiss (blitz)"]

1. c4 {[%emt 0:00:01]} Nf6 {[%emt 0:00:02]} 2. g3 {[%emt 0:00:01]} g6 {[%emt 0:00:00]} 3. Bg2 {[%emt 0:00:00]} Bg7 {[%emt 0:00:00]} 4. Nc3 {[%emt 0:00:01]} O-O {[%emt 0:00:00]} 5. e4 {[%emt 0:00:00]} c6 {[%emt 0:00:00]} 6. d4 {[%emt 0:00:00]} d5 {[%emt 0:00:00]} 7. cxd5 {[%emt 0:00:01]} cxd5 {[%emt 0:00:00]} 8. Nxd5 {[%emt 0:00:01]} Nxd5 {[%emt 0:00:01]} 9. exd5 {[%emt 0:00:00]} Nd7 {[%emt 0:00:01]} 10. Nf3 {[%emt 0:00:01]} Nb6 {[%emt 0:00:00]} 11. Bf4 {[%emt 0:00:01]} Nxd5 {[%emt 0:00:01]} 12. O-O {[%emt 0:00:00]} Nxf4 {[%emt 0:00:01]} 13. gxf4 {[%emt 0:00:00]} Rb8 {[%emt 0:00:02]} 14. Ne5 {[%emt 0:00:01]} b6 {[%emt 0:00:01]} 15. Nc6 {[%emt 0:00:01]} Qc7 {[%emt 0:00:01]} 16. Nxb8 {[%emt 0:00:01]} Qxb8 {[%emt 0:00:00]} 17. Qf3 {[%emt 0:00:01]} Bxd4 {[%emt 0:00:02]} 18. Rad1 {[%emt 0:00:01]} Bxb2 {[%emt 0:00:02]} 19. h4 {[%emt 0:00:03]} Bg7 {[%emt 0:00:02]} 20. h5 {[%emt 0:00:01]} Be6 {[%emt 0:00:04]} 21. hxg6 {[%emt 0:00:01]} hxg6 {[%emt 0:00:02]} 22. Rde1 {[%emt 0:00:01]} Bf6 {[%emt 0:00:05]} 23. Bh3 {[%emt 0:00:01]} Bxa2 {[%emt 0:00:02]} 24. Rd1 {[%emt 0:00:02]} Bc4 {[%emt 0:00:02]} 25. Rfe1 {[%emt 0:00:02]} b5 {[%emt 0:00:02]} 26. Rd7 {[%emt 0:00:02]} e6 {[%emt 0:00:04]} 27. Qb7 {[%emt 0:00:01]} Qxb7 {[%emt 0:00:03]} 28. Rxb7 {[%emt 0:00:00]} a5 {[%emt 0:00:00]} 29. Bf1 {[%emt 0:00:03]} Bxf1 {[%emt 0:00:02]} 30. Kxf1 {[%emt 0:00:00]} b4 {[%emt 0:00:03]} 31. Rb5 {[%emt 0:00:01]} b3 {[%emt 0:00:00]} 32. Rxb3 {[%emt 0:00:02]} Rd8 {[%emt 0:00:03]} 33. Ra3 {[%emt 0:00:01]} Kg7 {[%emt 0:00:00]} 34. Rxa5 {[%emt 0:00:01]} Bc3 {[%emt 0:00:01]} 35. Rea1 {[%emt 0:00:02]} Bxa5 {[%emt 0:00:01]} 36. Rxa5 {[%emt 0:00:00]} Rd4 {[%emt 0:00:01]} 37. Kg2 {[%emt 0:00:02]} Rxf4 {[%emt 0:00:00]} 38. Kg3 {[%emt 0:00:00]} Rf5 {[%emt 0:00:00]} 39. Ra4 {[%emt 0:00:01]} Rg5+ {[%emt 0:00:03]} 40. Kf3 {[%emt 0:00:01]} Rf5+ {[%emt 0:00:00]} 41. Kg2 {[%emt 0:00:01]} Kf6 {[%emt 0:00:00]} 42. Ra8 {[%emt 0:00:01]} Kg7 {[%emt 0:00:00]} 43. Re8 {[%emt 0:00:01]} Rg5+ {[%emt 0:00:00]} 44. Kf1 {[%emt 0:00:01]} Rf5 {[%emt 0:00:00]} 45. Ke2 {[%emt 0:00:00]} Rf6 {[%emt 0:00:00]} 46. f4 {[%emt 0:00:01]} g5 {[%emt 0:00:00]} 47. Ke3 {[%emt 0:00:00]} Kg6 {[%emt 0:00:00]} 48. fxg5 {[%emt 0:00:01]} Rf5 {[%emt 0:00:00]} 49. Rg8+ {[%emt 0:00:01]} Kh5 {[%emt 0:00:02]} 50. g6 {[%emt 0:00:01]} Rg5 {[%emt 0:00:00]} 51. gxf7 {[%emt 0:00:01]} Rg7 {[%emt 0:00:00]} 52. Rxg7 {[%emt 0:00:01]} e5 {[%emt 0:00:01]} 53. f8=Q {[%emt 0:00:00]} e4 {[%emt 0:00:00]} 54. Qh8# {[%emt 0:00:00] (Lag: Av=0.27s, max=0.4s)} 1-0